| Tag |
First Indicator |
Second Indicator |
Subfields |
| LEADER |
00000cam a2200000 i 4500 |
| 001 |
in00000287708 |
| 005 |
20151010075704.0 |
| 008 |
780207s1978 mdua b 00110 eng |
| 010 |
|
|
|a 78001931
|
| 020 |
|
|
|a 0894430327
|
| 035 |
|
|
|a (OCoLC)03669410
|
| 035 |
|
|
|9 ABF4427AM
|
| 040 |
|
|
|a DLC
|c DLC
|d KKP
|d TXA
|d UtOrBLW
|
| 049 |
|
|
|a TXAM
|c [1541824]
|
| 050 |
0 |
0 |
|a R864
|b .L36
|
| 060 |
|
0 |
|a W 80 L269p 1978
|
| 082 |
0 |
|
|a 651.5
|
| 100 |
1 |
|
|a Lang, Gerald S.
|
| 245 |
1 |
4 |
|a The practice-oriented medical record /
|c Gerald S. Lang and Kenneth J. Dickie.
|
| 264 |
|
1 |
|a Germantown, Md. :
|b Aspen Systems Corp.,
|c 1978.
|
| 300 |
|
|
|a xx, 287 pages :
|b illustrations ;
|c 24 cm.
|
| 336 |
|
|
|a text
|b txt
|2 rdacontent
|
| 337 |
|
|
|a unmediated
|b n
|2 rdamedia
|
| 338 |
|
|
|a volume
|b nc
|2 rdacarrier
|
| 500 |
|
|
|a "An Aspen publication."
|
| 504 |
|
|
|a Includes bibliographical references and index.
|
| 650 |
|
0 |
|a Medical records.
|
| 650 |
|
2 |
|a Medical Records.
|
| 650 |
|
2 |
|a Practice Management, Medical.
|
| 700 |
1 |
|
|a Dickie, Kenneth J.
|
| 999 |
|
|
|a MARS
|
| 999 |
f |
f |
|s d7fb7da9-8bfe-3705-9819-55824038e3a8
|i 5fc48c82-5fdc-3e93-aa71-b984cb983af0
|t 0
|
| 952 |
f |
f |
|p ric
|a Texas A&M University
|b Rellis Campus
|c Joint Library Facility
|d Remote Storage
|t 0
|e R864 .L36
|h Library of Congress classification
|i unmediated -- volume
|m A14805061618
|
| 998 |
f |
f |
|a R864 .L36
|t 0
|l Remote Storage
|